000 01392cam a22003977a 4500
003 CHAP
005 20220329141244.0
008 971010s1958 r 00010 d
010 _a65225
011 _a66197
035 _a74204
040 _cCHAP
090 _aTesis
100 0 0 _aMoreno Dahme, Rodolfo.
_978590
245 1 0 _aLas causas de la esterilidad o avanamiento del arroz en el Valle del Yaqui y su combate
260 _aChapingo, Méx. :
_bEl autor,
_c1958
300 _a100 p.
_b: ilus.
500 _aEn bodega c.4
502 _aTesis (Ing. Agr. Esp. en Irrigación) -- ENA. Departamento de Irrigación
590 _aALEPH
_b10
_c20130110
_lUCH01
_h1355
590 _aBATCH-UPD
_b10
_c20130109
_lUCH01
_h2311
590 _aBATCH-UPD
_b10
_c20130110
_lUCH01
_h0921
590 _aBATCH-UPD
_b10
_c20130410
_lUCH01
_h0543
590 _aBATCH-UPD
_b10
_c20130914
_lUCH01
_h0406
590 _aCONVERSION
_b10
_c20130109
_lUCH01
_h1336
650 1 4 _aArroz
_xEnfermedades.
_97600
650 1 4 _aArroz
_xGenética.
_97613
650 1 4 _aArroz
_xSonora.
_97658
901 _aBK
942 _cFOLL
949 _aTesis
_bBC
_cTES
_d33724002033330
_eTS2
_fc.3
_h46837
_i74204
_si
949 _aTesis
_bBC
_cTES
_d33724002033371
_eTS2
_fc.2
_h46836
_i74204
_si
949 _bBC
_cMF
_d-148233
_eTS1
_i74204
_si
949 _bI
_cTES
_d-62301
_eTS2
_fc.2
_h321
_i74204
_si
949 _bI
_cTES
_d-7059
_eTS1
_h320
_i74204
_si
999 _c65225
_d65225